House prices debate (Record no. 67173)

MARC details
000 -LEADER
fixed length control field 00943cam a2200229 4500
001 - CONTROL NUMBER
control field WB3721-09
008 - FIXED-LENGTH DATA ELEMENTS--GENERAL INFORMATION
fixed length control field 000000n2001 000 0 eng u
035 ## - SYSTEM CONTROL NUMBER
System control number (Sirsi) u112844
245 ## - TITLE STATEMENT
Title House prices debate
260 ## - PUBLICATION, DISTRIBUTION, ETC.
Date of publication, distribution, etc. 2001
490 ## - SERIES STATEMENT
Series statement Financial Times
Volume/sequential designation 29 May 2001, 2
490 ## - SERIES STATEMENT
Series statement Building
Volume/sequential designation 266 (8186) 25 May 2001, 20(2)
520 ## - SUMMARY, ETC.
Summary, etc. Research from Cambridge Econometrics suggests that low mortgage rates will do nothing to stop house prices in London falling to more sustainable levels. These findings are rejected by housebuilders and the City. They argue that consumer confidence in the economy is too strong for this to happen with houses generally seen as affordable.
590 ## - LOCAL NOTE (RLIN)
Local note WB
650 ## - SUBJECT ADDED ENTRY--TOPICAL TERM
Topical term or geographic name entry element HOUSE PRICES
650 ## - SUBJECT ADDED ENTRY--TOPICAL TERM
Topical term or geographic name entry element MORTGAGE RATES
650 ## - SUBJECT ADDED ENTRY--TOPICAL TERM
Topical term or geographic name entry element INCOMES
650 ## - SUBJECT ADDED ENTRY--TOPICAL TERM
Topical term or geographic name entry element CAMBRIDGE ECONOMETRICS
650 ## - SUBJECT ADDED ENTRY--TOPICAL TERM
Topical term or geographic name entry element INTEREST RATES
690 ## - LOCAL SUBJECT ADDED ENTRY--TOPICAL TERM (OCLC, RLIN)
Topical term or geographic name as entry element PROPERTY-RESIDENTIAL PROPERTY-RESIDENTIAL PROPERTY MARKET
942 ## - ADDED ENTRY ELEMENTS (KOHA)
Suppress in OPAC 0
Holdings
Withdrawn status Lost status Source of classification or shelving scheme Damaged status Not for loan Home library Current library Shelving location Date acquired Total Checkouts Full call number Barcode Date last seen Copy number Price effective from Koha item type
    Dewey Decimal Classification     London London News article 30/05/2001   WB3721-09 112844-1001 06/08/2019 1 06/08/2019 News article